Central Library OPAC University of Rajshahi

Alfred Tennyson / (Record no. 64328)

MARC details
000 -LEADER
fixed length control field 00738nam a2200253 a 4500
001 - CONTROL NUMBER
control field 64328
003 - CONTROL NUMBER IDENTIFIER
rucl marc code BD-RjUL
005 - DATE AND TIME OF LATEST TRANSACTION
control field 20211209081308.0
008 - FIXED-LENGTH DATA ELEMENTS--GENERAL INFORMATION
fixed length control field 170213s1969 nyuc 001 0beng d
035 ## - SYSTEM CONTROL NUMBER
System control number (BD-RjUL)64458
040 ## - CATALOGING SOURCE
Original cataloging agency BGU
Transcribing agency BGU
Modifying agency BD-RjUL
Language of cataloging eng
041 ## - LANGUAGE CODE
Language code of text/sound track or separate title eng
082 ## - DEWEY DECIMAL CLASSIFICATION NUMBER
Edition number 23
Classification number 821.8092
Author mark and year BEA 1969
090 ## - LOCALLY ASSIGNED LC-TYPE CALL NUMBER (OCLC); LOCAL CALL NUMBER (OCLC)
Classification number (OCLC) (R) ; Classification number, CALL (RLIN) (NR) PR5581
Local cutter number (OCLC) ; Book number/undivided call number, CALL (RLIN) .T38 1968
100 ## - MAIN ENTRY--PERSONAL NAME
Personal name Benson, Arthur christopher
9 (RLIN) 190979
245 10 - TITLE STATEMENT
Title Alfred Tennyson /
Statement of responsibility, etc. Arthur christopher Benson
260 ## - PUBLICATION, DISTRIBUTION, ETC. (IMPRINT)
Place of publication, distribution, etc. New york :
Name of publisher, distributor, etc. Greenwood press,
Date of publication, distribution, etc. 1969.
300 ## - PHYSICAL DESCRIPTION
Pagination x, 243 p. :
Size 22 cm.
500 ## - GENERAL NOTE
General note Includes index
600 10 - SUBJECT ADDED ENTRY--PERSONAL NAME
Personal name Tennyson, Alfred Tennyson,
Titles and other words associated with a name Baron,
Dates associated with a name 1809-1892.
650 ## - SUBJECT ADDED ENTRY--TOPICAL TERM
Topical term or geographic name as entry element English poetry
9 (RLIN) 179095
942 ## - ADDED ENTRY ELEMENTS (KOHA)
Source of classification or shelving scheme Dewey Decimal Classification
Koha item type Books
Holdings
Lost status Source of classification or shelving scheme Damaged status Not for loan Collection code Permanent Location Current Location Shelving location Date acquired Source of acquisition Cost, normal purchase price Total Checkouts Full call number Date last seen Copy number Koha item type
  Dewey Decimal Classification   Not For Loan Non-fiction Central Library, University of Rajshahi Central Library, University of Rajshahi Reading Room 04/02/1971 Zeitlinger 0.00   821.8092 BEA 1969 13/02/2017 C-1 Books